000 00616cam a22002293a 4500
001 20257
003 PGUSA
005 20140828083429.0
008 070102s2007||||xxu|||||s|||||000 1 eng d
040 _aPGUSA
_beng
042 _adc
050 4 _aPR
100 1 _aSterne, Laurence,
_d1713-1768
245 1 2 _aA Political Romance
_h[electronic resource] /
_cLaurence Sterne
260 _bProject Gutenberg,
_c2007
506 _aPublic domain in the USA.
516 _aElectronic text
653 _aFiction
830 0 _aProject Gutenberg
_v20257
856 4 0 _uhttp://www.gutenberg.org/ebooks/20257
942 _cEB
999 _c249512
_d249512